|
|
|
|
| LEADER |
00000naa2a2200000 4500 |
| 001 |
604567 |
| 005 |
20260212164818.0 |
| 035 |
|
|
|a (RuTPU)RU\TPU\conf\1845
|
| 035 |
|
|
|a RU\TPU\conf\1844
|
| 090 |
|
|
|a 604567
|
| 100 |
|
|
|a 20140311d2013 k y0rusy50 ca
|
| 101 |
0 |
|
|a rus
|
| 102 |
|
|
|a RU
|
| 135 |
|
|
|a drnn ---uucaa
|
| 181 |
|
0 |
|a i
|
| 182 |
|
0 |
|a b
|
| 200 |
1 |
|
|a Метод переработки ильменита
|f А. С. Кантаев, А. К. Досмаганбетов
|
| 203 |
|
|
|a Текст
|c электронный
|
| 225 |
1 |
|
|a Химические методы обогащения и комплексная переработка минерального сырья
|
| 300 |
|
|
|a Заглавие с титульного экрана
|
| 320 |
|
|
|a [Библиогр.: с. 295 (2 назв.)]
|
| 337 |
|
|
|a Adobe Reader
|
| 463 |
|
1 |
|0 (RuTPU)RU\TPU\conf\66
|t Инновационные процессы комплексной и глубокой переработки минерального сырья (Плаксинские чтения - 2013)
|o материалы Международного совещания, г. Томск, 16-19 сентября 2013 г.
|f Национальный исследовательский Томский политехнический университет (ТПУ) ; под ред. В. А. Чантурии
|v [С. 292-295]
|d 2013
|
| 610 |
1 |
|
|a труды учёных ТПУ
|
| 610 |
1 |
|
|a электронный ресурс
|
| 610 |
1 |
|
|a переработка
|
| 610 |
1 |
|
|a ильмениты
|
| 610 |
1 |
|
|a лакокрасочная промышленность
|
| 700 |
|
1 |
|a Кантаев
|b А. С.
|c химик-технолог
|c доцент Томского политехнического университета, кандидат наук
|f 1981-
|g Александр Сергеевич
|3 (RuTPU)RU\TPU\pers\27913
|9 12916
|
| 701 |
|
1 |
|a Досмаганбетов
|b А. К.
|
| 712 |
0 |
2 |
|a Национальный исследовательский Томский политехнический университет (ТПУ)
|b Физико-технический институт (ФТИ)
|b Кафедра химической технологии редких, рассеянных и радиоактивных элементов (№ 43) (ХТРЭ)
|3 (RuTPU)RU\TPU\col\18733
|
| 801 |
|
2 |
|a RU
|b 63413507
|c 20140311
|g RCR
|
| 856 |
4 |
|
|u http://www.lib.tpu.ru/fulltext/c/2013/C44/104.pdf
|
| 942 |
|
|
|c CF
|